LEADER 01831nam 2200481 450 001 000017308 005 20180801123900.0 010 $a0-521-07233-6$b(v.1) 010 $a0-521-20159-4$b(v.2) 100 $a20040308d1971----km-y0itay0103----ba 101 0 $aeng 102 $aGB 200 1 $a<> prosopography of the Later Roman Empire$fby A. H: M: Jones, J: R: Martindale & J. Morris 200 1 $a1 $n0007386 210 $aCambidge$cCambridge University Press$d1971 215 $av.$d24 cm. 327 $a1: A.D. 260-395. - XXII, 1152 p.$a2: A.D. 395-527. - XLI, 1342 p. 606 1$aImpero romano$xStoria$z260-395 A.D. 607 $aRoma$xBiografie$z260-395 A.D. 676 $a920.037$v(21. ed.)$9Biografia. Penisola italiana e territori limitrofi 700 1$aJones,$bArnold Hugh Martin$0182782 701 1$aMartindale,$bJ. R.$0442329 701 1$aMorris,$bJ.$0136472 801 0$aITBAS01 912 $a000017308 996 $aProsopography of the Later Roman Empire$985175 997 $aUNIBAS BAS $aLETTERE BAS $aMONLET BAS $aMONOGR BAS $aLETTERE CAT $aDILEO$b21$c20040308$lBAS01$h1140 CAT $c20050601$lBAS01$h1756 CAT $abatch$b01$c20050718$lBAS01$h1053 CAT $c20050718$lBAS01$h1112 CAT $c20050718$lBAS01$h1142 CAT $c20050718$lBAS01$h1156 CAT $aBATCH$b00$c20070503$lBAS01$h1736 CAT $aBATCH$b00$c20180801$lBAS01$h1239 FMT Z30 -1$lBAS01$LBAS01$mBOOK$1BASA1$APolo Storico-Umanistico$2GEN$BCollezione generale$3FM/101237$6101237$5L101237$820040308$b1$f98$FConsultazione$h1: A.D. 260-395 Z30 -1$lBAS01$LBAS01$mBOOK$1BASA1$APolo Storico-Umanistico$2GEN$BCollezione generale$3FM/101238$6101238$5L101238$820040308$b2$f98$FConsultazione$h2: A.D. 395-527 all $aall $n0009596 LEADER 01522nam a22003011i 4500 001 991002178909707536 005 20030623110019.0 008 030925s1845 fr |||||||||||||||||lat 035 $ab1225308x-39ule_inst 035 $aARCHE-030070$9ExL 040 $aBiblioteca Interfacoltà$bita$cA.t.i. Arché s.c.r.l. Pandora Sicilia s.r.l. 082 04$a270.0922 100 0 $aHieronymus$c$0187193 245 10$aSancti Eusebii Hieronymi stridonensis presbyteri Opera omnia post monachorum ordinis S. Benedicti e congregatione S. Mauri ... :$btomus quartus /$cpotissimum Joanis Martianaei hujus ordinis recensionem ... ; illustrata studio et labore Vallarsii et Maffaeii ... ; accurante et ad ultimum recognoscente J.-P. Migne 260 $aParisiis :$bvenit apud editorem,$c1845 300 $av. ;$c28 cm 440 0$aPatrologiae cursus completus sive bibliotheca universalis integra omnium SS. patrum doctorum scriptorumque ecclesiasticorum.$nSeries prima,$pPatrologiae ;$v24 650 4$aChiesa$xStoria$xSec. 5. 650 4$aCristianesimo$xStoria$xSec. 5. 700 1 $aMartianay, Jean 700 1 $aVallarsi, Domenico 700 1 $aMigne, Jacques Paul 907 $a.b1225308x$b02-04-14$c08-10-03 912 $a991002178909707536 945 $aLE002 P.L. 24$cV. 4$g1$i2002000495990$lle002$o-$pE0.00$q-$rn$so $t0$u0$v0$w0$x0$y.i1264142x$z08-10-03 996 $aSancti Eusebii Hieronymi stridonensis presbyteri Opera omnia$9154918 997 $aUNISALENTO 998 $ale002$b08-10-03$cm$da $e-$flat$gfr $h0$i1 LEADER 00947nam0 22002651i 450 001 UON00102296 005 20231205102558.84 100 $a20020107f |0itac50 ba 101 $aara 102 $aEG 105 $a|||| 1|||| 200 1 $aRadubis$fNagib Mahfuz 210 $aal-Qahira$cMaktabat Misr$d[19..] 215 $a350 p.$d20 cm 620 $aEG$dIl Cairo$3UONL000377 686 $aEGI VI BAX$cEGITTO - LETTERATURA MODERNA - TESTI - PROSA$2A 700 1$aMAHFUZ$bNagib$3UONV004521$0482130 712 $aMaktabat Misr$3UONV246627$4650 790 1$aNAGIB, Mahfuz$zMAHFUZ, Nagib$3UONV165192 801 $aIT$bSOL$c20240220$gRICA 899 $aSIBA - SISTEMA BIBLIOTECARIO DI ATENEO$2UONSI 912 $aUON00102296 950 $aSIBA - SISTEMA BIBLIOTECARIO DI ATENEO$dSI EGI VI BAX 090 $eSI SA 40877 7 090 996 $aRadubis$91310740 997 $aUNIOR